[Event "Doroshkevich Mem"]
[Site "Belorechensk RUS"]
[Date "2007.05.31"]
[Round "3"]
[White "Skorchenko,D"]
[Black "Kondenko,A"]
[Result "1-0"]
[WhiteElo "2463"]
[BlackElo "2283"]

1.e4 c5 2.Nf3 d6 3.d4 cxd4 4.Nxd4 Nf6 5.Nc3 Nc6 6.Bg5 e6 7.Qd2 a6 8.O-O-O Bd7
9.f4 Be7 10.Nf3 b5 11.Bxf6 Bxf6 12.Qxd6 Be7 13.Qd3 b4 14.Ne2 Ra7 15.Ned4 Qb8
16.e5 O-O 17.h4 Nxd4 18.Nxd4 Qb6 19.Qe4 Rd8 20.Bd3 g6 21.h5 Be8 22.hxg6 hxg6
23.Qf3 Bf8 24.Ne2 Bg7 25.Ng3 Bc6 26.Be4 Bb5 27.Rxd8+ Qxd8 28.Bc6 Qb6 29.Bxb5 axb5
30.Kb1 Rd7 31.Ne4 Qd4 32.g4 Rd8 33.g5 Qd5 34.Re1 Kf8 35.Qe3 Kg8 36.Nf6+ Bxf6
37.exf6 Qg2 38.b3 Qg4 39.Kb2 Rd1 40.Qe2 Qxe2 41.Rxe2 Rd4 42.Re5  1-0

[Event "Doroshkevich Mem"]
[Site "Belorechensk RUS"]
[Date "2007.05.31"]
[Round "3"]
[White "Kryakvin,D"]
[Black "Sabitov,A"]
[Result "1-0"]
[WhiteElo "2539"]
[BlackElo "2352"]

1.e4 c5 2.Nf3 d6 3.d4 cxd4 4.Nxd4 Nf6 5.Nc3 Nc6 6.Bg5 e6 7.Qd2 a6 8.O-O-O h6
9.Nxc6 bxc6 10.Bf4 d5 11.Qe3 Be7 12.Be2 O-O 13.h4 Qa5 14.Qg3 Kh8 15.Bc7 Qc5
16.Be5 Ne8 17.Bd4 Qa5 18.exd5 cxd5 19.Qe3 Kg8 20.Nxd5 exd5 21.Qxe7 Bf5 22.g4 Be4
23.Rh3 Rc8 24.Rc3  1-0

[Event "TCh-BIH"]
[Site "Vogosca BIH"]
[Date "2007.06.02"]
[Round "1"]
[White "Vuckovic,Bo"]
[Black "Stojanovic,Da"]
[Result "1/2-1/2"]
[WhiteElo "2555"]
[BlackElo "2473"]

1.e4 c5 2.Nf3 d6 3.d4 cxd4 4.Nxd4 Nf6 5.Nc3 Nc6 6.Bg5 e6 7.Qd2 Be7 8.O-O-O O-O
9.f4 Nxd4 10.Qxd4 Qa5 11.Bc4 Bd7 12.e5 dxe5 13.fxe5 Bc6 14.Bd2 Nd7 15.Nd5 Qd8
16.Nxe7+ Qxe7 17.Rhe1 Nb6 18.Bf1 Rfd8 19.Qg4 Qc5 20.Bh6 Rxd1+ 21.Kxd1 g6
22.Kc1 Rc8 23.Kb1 Bd5 24.Rc1 Nc4 25.Qf4 Qb4 26.Bxc4 Qxc4 27.Qxc4 Rxc4 28.g3  1/2-1/2

[Event "5th V Nabokov Mem"]
[Site "Kyiv UKR"]
[Date "2007.06.03"]
[Round "1"]
[White "Pavlov,S2"]
[Black "Solomaha,A"]
[Result "1/2-1/2"]
[WhiteElo "2436"]
[BlackElo "2307"]

1.e4 c5 2.Nf3 Nc6 3.d4 cxd4 4.Nxd4 Nf6 5.Nc3 d6 6.Bg5 e6 7.Qd2 a6 8.O-O-O h6
9.Be3 Be7 10.f3 Nxd4 11.Bxd4 b5 12.Kb1 Qa5 13.Qe3 b4 14.Ne2 e5 15.Bb6 Qa4
16.b3 Qc6 17.Ba5 Rb8 18.c3 d5 19.cxb4 dxe4 20.Rc1 Qa8 21.Ng3 O-O 22.fxe4 Bxb4
23.Bxb4 Rxb4 24.Bc4 Be6 25.Bxe6 fxe6 26.Rc7 Nxe4 27.Nh5 Rb7 28.Rc4  1/2-1/2

[Event "29th Mem Nezhmetdinov"]
[Site "Kazan RUS"]
[Date "2007.06.04"]
[Round "4"]
[White "Poleshchuk,D"]
[Black "Demidov,Vy"]
[Result "1-0"]
[WhiteElo "2056"]
[BlackElo "2201"]

1.e4 c5 2.Nf3 d6 3.d4 cxd4 4.Nxd4 Nf6 5.Nc3 Nc6 6.Bg5 g6 7.Be2 Bg7 8.Nb3 O-O
9.O-O a5 10.a4 Bd7 11.Kh1 Rc8 12.f4 Nb4 13.Bf3 Qc7 14.Qd2 Rfd8 15.Rad1 Bg4
16.Nd4 Bxf3 17.gxf3 Qd7 18.f5 Rc4 19.Ncb5 Nc6 20.c3 Nxd4 21.Nxd4 Rdc8 22.Rg1 R4c5
23.Bh6 Qxa4 24.fxg6 hxg6 25.Bxg7 Kxg7 26.Nf5+ Rxf5 27.exf5 Rh8 28.fxg6 fxg6
29.Qd3 Rh6 30.Rg2 Qf4 31.Rdg1 Kf7 32.Rg3 d5 33.Qc2 b5 34.Qe2 b4 35.Re1 Qd6
36.Qe3 Rh5 37.Reg1 g5 38.Qd2 bxc3 39.bxc3 Qf4 40.Qxf4 gxf4 41.Rg7+ Kf8 42.R7g5 Rxg5
43.Rxg5 a4 44.Rf5  1-0

[Event "ch-St Petersburg"]
[Site "St Petersburg RUS"]
[Date "2007.06.04"]
[Round "7"]
[White "Lovkov,R"]
[Black "Loginov,Va"]
[Result "0-1"]
[WhiteElo "2427"]
[BlackElo "2496"]

1.e4 c5 2.Nf3 d6 3.d4 cxd4 4.Nxd4 Nf6 5.Nc3 Nc6 6.Bg5 e6 7.Qd2 a6 8.O-O-O Qb6
9.Bxf6 gxf6 10.Nb3 h5 11.f4 Bd7 12.Kb1 O-O-O 13.Be2 Kb8 14.Rhf1 Na5 15.Qe1 Nxb3
16.axb3 Be7 17.Qh4 Qc5 18.f5 Rdg8 19.g3 Rc8 20.Bxh5 b5 21.Rd2 Rh7 22.g4 Bc6
23.Qe1 Kb7 24.h4 Qe5 25.Qd1 Bf8 26.Rd4 Qg3 27.fxe6 fxe6 28.Rxf6 Qe5 29.Rf1 Rhc7
30.Bf7 Rd8 31.Qd3 Bg7 32.Ne2 Rf8 33.Qf3 Be8 34.Bxe8 Rxf3 35.Rxf3 Qh2  0-1

[Event "Baden Challenge III"]
[Site "Neuhausen GER"]
[Date "2007.06.05"]
[Round "1"]
[White "Mutschnik,I"]
[Black "Swinkels,R"]
[Result "1-0"]
[WhiteElo "2445"]
[BlackElo "2422"]

1.e4 c5 2.Nf3 d6 3.d4 cxd4 4.Nxd4 Nf6 5.Nc3 Nc6 6.Bg5 e6 7.Qd2 a6 8.O-O-O Bd7
9.f3 Be7 10.h4 h6 11.Be3 h5 12.Nxc6 Bxc6 13.Bg5 b5 14.Ne2 Qb6 15.Nd4 Bb7
16.Kb1 Rd8 17.Qe1 g6 18.Bd3 Nd7 19.Bxe7 Kxe7 20.Nb3 Ne5 21.Qb4 Rd7 22.Qd2 Rc8
23.Qg5+ Ke8 24.Rhe1 Qd8 25.Qf4 Qe7 26.Rh1 Rdc7 27.g4 Nxd3 28.cxd3 e5 29.Qe3 Qf6
30.gxh5 gxh5 31.Rhg1 Qxh4 32.Rh1 Qf4 33.Qxf4 exf4 34.Rxh5 Rc2 35.Rd2 Rxd2
36.Nxd2 Ke7 37.Rf5 d5 38.Rxf4 dxe4 39.fxe4 Rd8 40.Nb3 Bc8 41.Nc5 Rh8 42.Rf2 Rh5
43.d4 a5 44.Rg2 Rh4 45.Kc2 Bg4 46.Rf2 Be6 47.b3 Bc8 48.Kd3 Rh3+ 49.Kd2 Rh4
50.Ke3 Rh3+ 51.Rf3 Rh2 52.a4 bxa4 53.bxa4 Rc2 54.Rf2 Rc3+ 55.Kf4 Rh3 56.Rb2 Rh4+
57.Kg3 Rg4+ 58.Kf3 f5 59.Rb5 fxe4+ 60.Nxe4 Rg1 61.Rxa5 Kd8 62.Kf4 Rf1+ 63.Ke3 Bb7
64.Nc5 Bc6 65.Ra7 Rf3+ 66.Kd2 Kc8 67.Kc2 Ra3 68.Kb2 Rg3 69.Re7 Bd5 70.a5 Rg2+
71.Kc3 Rg3+ 72.Kd2 Rf3 73.a6 Rf4 74.Kd3 Rf3+ 75.Re3 Rf7 76.Re5 Bc6 77.d5 Bb5+
78.Kd4 Rf1 79.Re6 Rd1+ 80.Ke5 Bc4 81.Rc6+ Kb8 82.Nd7+  1-0

[Event "2nd Maia Chiburdanidze Cup"]
[Site "Tbilisi GEO"]
[Date "2007.06.06"]
[Round "1"]
[White "Ter Karapetian,Al"]
[Black "Bagaturov,G"]
[Result "0-1"]
[WhiteElo "2152"]
[BlackElo "2478"]

1.e4 c5 2.Nf3 d6 3.d4 cxd4 4.Nxd4 Nf6 5.Nc3 Nc6 6.Bg5 e6 7.Qd2 a6 8.O-O-O h6
9.Bf4 Bd7 10.Nxc6 Bxc6 11.f3 Qb6 12.Bxd6 O-O-O 13.e5 Bxd6 14.exd6 Rd7 15.Qd4 Qxd4
16.Rxd4 Rhd8 17.Bc4 Rxd6 18.Rxd6 Rxd6 19.Rd1 Kc7 20.Rxd6 Kxd6 21.Kd2 g5 22.Ke3 Nh5
23.Ne2 f5 24.Bd3 Nf6 25.c4 f4+ 26.Kd2 e5 27.b4 e4 28.fxe4 Nxe4+ 29.Ke1 Ke5
30.b5 Bd7 31.bxa6 bxa6 32.Bxe4 Kxe4 33.Kf2 Bg4 34.Nc1 Kd4 35.h3 Be6 36.Nb3+ Kxc4
37.g3 fxg3+ 38.Kxg3 Kb4 39.Nc1 Bc4 40.Kg4 Kc3 41.Kh5 Kb2 42.Nb3 Bxb3 43.axb3 Kxb3
44.Kxh6 a5  0-1

[Event "XV Lasker Mem Open A"]
[Site "Barlinek POL"]
[Date "2007.06.07"]
[Round "7"]
[White "Demidowicz,M"]
[Black "Klim,K"]
[Result "0-1"]
[WhiteElo "1982"]
[BlackElo "2108"]

1.e4 c5 2.Nf3 d6 3.d4 cxd4 4.Nxd4 Nf6 5.Nc3 Nc6 6.Bg5 Bd7 7.f4 h6 8.Bh4 g5
9.fxg5 hxg5 10.Bxg5 Bg7 11.Qd2 Rc8 12.Nf3 Qa5 13.Bd3 Ng4 14.Nd5 e6 15.Ne3 Nge5
16.Nxe5 Qxd2+ 17.Kxd2 Nxe5 18.Rab1 Rc5 19.h4 b5 20.c3 Bc6 21.Rbe1 Nxd3 22.Kxd3 Re5
23.Bf4 Bxe4+ 24.Kd2 Reh5 25.Bxd6 Rxh4 26.Rhf1 Bh6 27.Rf2 Bg5 28.Be5 Rg8 29.g3 Rh5
30.Bf4 Be7 31.Kc1 f6 32.Nc4 Bd3 33.Nd6+ Kd7 34.Ne4 Bxe4 35.Rxe4 e5 36.Be3 Rxg3
37.Bxa7 Ke6 38.Bb8 Rh8 39.Bc7 Rc8 40.Bb6 f5 41.Ree2 e4 42.Kc2 b4 43.Bd4 bxc3
44.bxc3 Bb4 45.Rg2 Rd3 46.Rg6+ Kd5 47.Rf2 Bxc3 48.Bxc3 Rcxc3+ 49.Kb2 Rf3
50.a4 Rb3+ 51.Kc2 Rb2+ 52.Kxb2 Rxf2+ 53.Kc3 Ra2 54.Kb3 Ra1 55.Rg5 Ke5 56.Kb4 e3
57.Rg8 Ke4 58.a5 e2  0-1

[Event "XV Lasker Mem Open A"]
[Site "Barlinek POL"]
[Date "2007.06.07"]
[Round "7"]
[White "Tokarski,L"]
[Black "Siwiec,A"]
[Result "0-1"]
[WhiteElo "2164"]
[BlackElo "2025"]

1.e4 c5 2.Nf3 d6 3.d4 cxd4 4.Nxd4 Nf6 5.Nc3 Nc6 6.Bg5 Bd7 7.Be2 a6 8.Bxf6 gxf6
9.Nf5 Qa5 10.O-O O-O-O 11.a3 Kb8 12.Ne3 e6 13.b4 Qe5 14.Qe1 Nd4 15.Bd3 Rc8
16.Ne2 Ba4 17.c4 h5 18.Nc3 Nb3 19.Nxa4 Nxa1 20.Qxa1 Qf4 21.b5 axb5 22.cxb5 h4
23.b6 d5 24.Qe1 Bd6 25.g3 hxg3 26.fxg3 Qg5 27.exd5 Rcg8 28.Rf3 Qh4 29.Qf2 Qxa4
30.Nc4 Qd1+ 31.Qf1 Bc5+ 32.Kg2 Qxf1+ 33.Bxf1 exd5 34.Ne3 Rd8 35.Ng4 Rd6 36.Nxf6 Bxb6
37.h4 Bd8 38.Ng4 Rg8 39.Kh3 Rg7 40.h5 Rg5 41.Rxf7 Rxh5+ 42.Kg2 d4 43.Bd3 Ra5
44.Be4 Bc7 45.Nf6 d3 46.Bf3 d2 47.Ne8 Rxa3 48.Bd1 Rc6 49.Nxc7 Rxc7 50.Rf2 Ra2
51.Kf1 Re7 52.Re2 Rf7+ 53.Rf2 Rd7 54.Re2 Rf7+ 55.Rf2 Rh7 56.Kg2 Re7 57.Rf1 Ra3
58.Rf2 Rd3 59.g4 Re1 60.Rf1 Rde3  0-1

[Event "29th Mem Nezhmetdinov"]
[Site "Kazan RUS"]
[Date "2007.06.07"]
[Round "7"]
[White "Novgorodskij,V"]
[Black "Akhmadeev,Vad"]
[Result "1/2-1/2"]
[WhiteElo "2351"]
[BlackElo "2430"]

1.e4 c5 2.Nf3 d6 3.d4 cxd4 4.Nxd4 Nf6 5.Nc3 Nc6 6.Bg5 e6 7.Qd2 a6 8.O-O-O Bd7
9.f4 b5 10.Bxf6 gxf6 11.Kb1 Qb6 12.Nxc6 Bxc6 13.f5 O-O-O 14.Bd3 Qc5 15.Rhf1 Qe5
16.a4 bxa4 17.Bxa6+ Kd7 18.Qf2 Be7 19.Nd5 Ra8 20.Bb5 Rhb8 21.Bxc6+ Kxc6 22.Rd4 Bd8
23.Nb4+ Kd7 24.Nd3 Qa5 25.fxe6+ fxe6 26.Qg3 Qb6 27.Rc4 Be7 28.Rd1 Ra5 29.Rb4 Rb5
30.Rxb5 Qxb5 31.Qe3 Kc7 32.Qh3 Kd7 33.Qe3 Kc6 34.Qh3 Kd7  1/2-1/2

[Event "29th Mem Nezhmetdinov"]
[Site "Kazan RUS"]
[Date "2007.06.08"]
[Round "8"]
[White "Azarov,S"]
[Black "Kupreichik,V"]
[Result "1/2-1/2"]
[WhiteElo "2571"]
[BlackElo "2402"]

1.e4 c5 2.Nf3 Nc6 3.d4 cxd4 4.Nxd4 Nf6 5.Nc3 d6 6.Bg5 e6 7.Qd2 a6 8.O-O-O Be7
9.f3 Bd7 10.h4 h6 11.Be3 h5 12.Bd3 Rc8 13.Nxc6 Bxc6 14.Bg5 Qd7 15.Rhe1 O-O
16.Qe2 Qc7 17.g4 hxg4 18.fxg4 b5 19.Qf3 Qb7 20.Rf1  1/2-1/2

[Event "29th Mem Nezhmetdinov"]
[Site "Kazan RUS"]
[Date "2007.06.09"]
[Round "9"]
[White "Kokarev,Dm"]
[Black "Akhmadeev,Vad"]
[Result "1-0"]
[WhiteElo "2546"]
[BlackElo "2430"]

1.e4 c5 2.Nf3 d6 3.d4 cxd4 4.Nxd4 Nf6 5.Nc3 Nc6 6.Bg5 e6 7.Qd2 a6 8.O-O-O Bd7
9.f4 b5 10.Bxf6 gxf6 11.f5 Qb6 12.fxe6 fxe6 13.Nxc6 Bxc6 14.Qf4 Kf7 15.Kb1 Qc5
16.Bd3 Qe5 17.Qf2 Bg7 18.Ne2 Qc5 19.Qh4 Qg5 20.Qh3 Qe5 21.c3 Bxe4 22.Nd4 Rhe8
23.Rhe1 Bxd3+ 24.Qxd3 Qh5 25.Ka1 d5 26.g4 Qxg4 27.Rg1 Qh4 28.Nf5 exf5 29.Qxd5+ Kf8
30.Qd6+ Kg8 31.Qc7 Qh6 32.Rd7 Kh8 33.Rdxg7 Rg8 34.Rxg8+ Rxg8 35.Rf1 Qh3 36.Qf4 Rg2
37.a3 Kg7 38.Qc7+ Kg6 39.Qc8 Qg4 40.h3 Qe4 41.Qg8+ Kh6 42.Qf8+ Kg6 43.Qg8+ Kh6
44.Qf8+ Kg6 45.h4 Qe2 46.h5+ Kxh5 47.Qf7+ Kg4 48.Qg7+ Kh3 49.Qh6+ Kg3 50.Qf4+ Kh3
51.Rf3+ Qxf3 52.Qxf3+ Kh2  1-0

[Event "5th V Nabokov Mem"]
[Site "Kyiv UKR"]
[Date "2007.06.09"]
[Round "8"]
[White "Pavlov,S2"]
[Black "Baryshpolets,A"]
[Result "1-0"]
[WhiteElo "2436"]
[BlackElo "2305"]

1.e4 c5 2.Nf3 Nc6 3.d4 cxd4 4.Nxd4 Nf6 5.Nc3 d6 6.Bg5 e6 7.Qd2 a6 8.O-O-O Bd7
9.f3 Be7 10.h4 h6 11.Be3 h5 12.Bg5 Rc8 13.Kb1 b5 14.Nxc6 Bxc6 15.Ne2 Qb6
16.Nd4 Bb7 17.Bd3 g6 18.Rhe1 e5 19.Nb3 Kf8 20.g4 Qc7 21.Qe2 Kg7 22.Nd2 Bd8
23.Rg1 Kf8 24.Nf1 Nd7 25.gxh5 Rxh5 26.Ng3 Rxh4 27.Bxh4 Bxh4 28.Nf1 Nc5 29.Rh1 Bf6
30.Ne3 Ne6 31.Ng4 Bg7 32.Rh7 Ng5 33.Rh2 Qc5 34.Rf1 Ne6 35.Rfh1 Nf4 36.Qd2 Nh5
37.Qg5 b4 38.Nh6 Bf6 39.Qg4 Rc7 40.Rxh5  1-0

[Event "Xose Enrique Rodriguez Pena Mem"]
[Site "Ourense ESP"]
[Date "2007.06.09"]
[Round "3"]
[White "Salgado Lopez,I"]
[Black "Guliyev,N"]
[Result "0-1"]
[WhiteElo "2461"]
[BlackElo "2590"]

1.e4 c5 2.Nf3 d6 3.d4 cxd4 4.Nxd4 Nf6 5.Nc3 Nc6 6.Bg5 e6 7.Qd2 a6 8.O-O-O Bd7
9.f3 Rc8 10.Kb1 h6 11.Be3 Ne5 12.Bd3 b5 13.Rhe1 Be7 14.g4 b4 15.Nce2 d5 16.exd5 Nxd5
17.Nf4 Nxe3 18.Rxe3 Qa5 19.Nb3 Qc7 20.Bxa6 Rd8 21.Qe2 Nc6 22.Qc4 Qb6 23.Ree1 Nb8
24.Rxd7 Nxd7 25.Nd4 O-O 26.Nfxe6 fxe6 27.Rxe6 Qc5 28.Rxe7+ Kh8 29.Rxd7 Qxc4
30.Rxd8 Qc5 31.Rxf8+ Qxf8 32.Bb7 Qd6 33.Nb3 Qxh2 34.Be4 Qd6 35.c3 bxc3 36.bxc3 g6
37.c4 h5 38.gxh5 gxh5 39.c5 Qe5 40.c6 h4 41.Nd2 h3 42.f4 Qc3  0-1

[Event "2nd Maia Chiburdanidze Cup"]
[Site "Tbilisi GEO"]
[Date "2007.06.09"]
[Round "4"]
[White "Kekelidze,M"]
[Black "Benidze,D"]
[Result "1/2-1/2"]
[WhiteElo "2443"]
[BlackElo "2300"]

1.e4 c5 2.Nf3 d6 3.d4 cxd4 4.Nxd4 Nf6 5.Nc3 Nc6 6.Bg5 e6 7.Qd2 Qb6 8.O-O-O Qxd4
9.Qxd4 Nxd4 10.Rxd4 a6 11.Na4 e5 12.Nb6 exd4 13.Bxf6 Rb8 14.Bxd4 Be6 15.a4 Rd8
16.f4 d5 17.exd5 Bxd5 18.Bd3 Be6 19.Bc3 Bc5 20.f5 Bxb6 21.fxe6 fxe6 22.Bxg7 Rg8
23.Bf6 Rxd3 24.cxd3 Rxg2 25.Re1 Ba5 26.Bc3 Bxc3 27.bxc3 Ke7 28.Re4 Rxh2 29.Rb4 b5
30.axb5 axb5 31.Rxb5  1/2-1/2

[Event "1st Alushta Summer"]
[Site "Alushta UKR"]
[Date "2007.06.10"]
[Round "11"]
[White "Harutjunyan,G"]
[Black "Shishkin,Va UKR"]
[Result "0-1"]
[WhiteElo "2404"]
[BlackElo "2515"]

1.e4 c5 2.Nf3 Nc6 3.d4 cxd4 4.Nxd4 Nf6 5.Nc3 d6 6.Bg5 Qb6 7.Nb3 e6 8.f4 Be7
9.Qf3 a6 10.O-O-O Qc7 11.Bd3 Bd7 12.g4 h6 13.h4 hxg5 14.hxg5 Rxh1 15.Rxh1 Ng8
16.Rh8 O-O-O 17.Qh3 d5 18.e5 Nxe5 19.fxe5 Bxg5+ 20.Kb1 Qxe5 21.Qf1 Nf6 22.Rh1 d4  0-1

[Event "FSGM June"]
[Site "Budapest HUN"]
[Date "2007.06.10"]
[Round "9"]
[White "Pasalic,Ha"]
[Black "Paschall,W"]
[Result "1/2-1/2"]
[WhiteElo "2261"]
[BlackElo "2353"]

1.e4 c5 2.Nf3 d6 3.Nc3 Nc6 4.d4 cxd4 5.Nxd4 Nf6 6.Bg5 Bd7 7.Qd2 Rc8 8.O-O-O Nxd4
9.Qxd4 Qa5 10.f4 Rxc3 11.bxc3 e5 12.fxe5 dxe5 13.Qc4 Ba3+ 14.Kb1 Qb6+ 15.Qb3 Nxe4
16.Bd2 Nf2 17.Bc4 f6 18.Be3 Qxb3+ 19.axb3 Nxd1 20.Rxd1 Be7 21.Bf7+ Kxf7 22.Rxd7 Ke6
23.Rxb7 f5 24.Bxa7 f4 25.Rb8 Rxb8 26.Bxb8 g5 27.h3 h5 28.Kc1 g4 29.hxg4 hxg4
30.Kd2 Bg5 31.Ke2 e4 32.c4 f3+ 33.gxf3 gxf3+ 34.Kf2 Bh4+ 35.Bg3 Be7 36.Bf4 Kf5
37.Be3 Bb4 38.Bd4 Bd2 39.c5 Kf4 40.c6 e3+ 41.Bxe3+ Bxe3+ 42.Kf1 Bb6 43.c4 Ke5  1/2-1/2

[Event "2nd Maia Chiburdanidze Cup"]
[Site "Tbilisi GEO"]
[Date "2007.06.10"]
[Round "5"]
[White "Jobava,Be"]
[Black "Sanikidze,T"]
[Result "0-1"]
[WhiteElo "2442"]
[BlackElo "2426"]

1.e4 c5 2.Nf3 d6 3.d4 cxd4 4.Nxd4 Nf6 5.Nc3 Nc6 6.Bg5 e6 7.Qd2 Be7 8.O-O-O Nxd4
9.Qxd4 O-O 10.f4 Qa5 11.Qe3 Ng4 12.Qg3 Bxg5 13.fxg5 Qxg5+ 14.Kb1 e5 15.Rxd6 Qe3
16.Be2 Qxg3 17.hxg3 Nf6 18.Nd5 Be6 19.Ne7+ Kh8 20.Rxe6 fxe6 21.Ng6+ Kg8 22.Nxf8 Kxf8
23.Rd1 Ke7 24.Bf3 h5 25.c3 g5 26.Re1 g4 27.Bd1 Rd8 28.Kc2 Kf7 29.b4 Kg7 30.Re3 Kg6
31.Be2 Kg5 32.Bc4 Rd6 33.Bd3 h4 34.gxh4+ Kxh4 35.c4 Rd4 36.Kc3 Kg5 37.g3 Kg6
38.c5 Kf7 39.a4 a5 40.b5 Rxa4 41.Re1 Ke7 42.Rh1 Ra3+ 43.Kc4 Ra4+ 44.Kb3 Rb4+
45.Kc3 Nd7 46.Rh7+ Kd8 47.Rh8+ Ke7 48.Rc8 b6 49.c6 Nc5 50.Bc2 Rxb5 51.Rg8 Kd6
52.Rxg4 Rb4 53.Rg5 Nxe4+ 54.Bxe4 Rxe4 55.Kd3 Rd4+ 56.Ke3 b5  0-1

[Event "Atlantis Meestertienkamp"]
[Site "Groningen NED"]
[Date "2007.06.12"]
[Round "4"]
[White "Drenchev,P"]
[Black "Monroy,C"]
[Result "1-0"]
[WhiteElo "2447"]
[BlackElo "2407"]

1.e4 c5 2.Nf3 d6 3.d4 cxd4 4.Nxd4 Nf6 5.Nc3 Nc6 6.Bg5 e6 7.Qd2 a6 8.O-O-O Bd7
9.f3 Be7 10.h4 h6 11.Be3 h5 12.Kb1 b5 13.Nxc6 Bxc6 14.Ne2 Bb7 15.Nd4 d5 16.e5 Nd7
17.f4 g6 18.g4 hxg4 19.Qg2 Nc5 20.Qxg4 Qc7 21.h5 O-O-O 22.Bd3 gxh5 23.Rxh5 Rxh5
24.Qxh5 Bf8 25.Bh7 Na4 26.Bc1 Bc5 27.Nf3 d4 28.Ng5 Bd5 29.Be4 Bc4 30.Qxf7 Rd7
31.Qe8+ Rd8 32.Qc6 Qxc6 33.Bxc6 d3 34.Be4 dxc2+ 35.Bxc2 Bd5 36.Bb3  1-0

[Event "11th Master Open"]
[Site "Voronezh RUS"]
[Date "2007.06.18"]
[Round "6"]
[White "Shaposhnikov,E"]
[Black "Golovin,Leo"]
[Result "1-0"]
[WhiteElo "2550"]
[BlackElo "2431"]

1.e4 c5 2.Nf3 d6 3.d4 cxd4 4.Nxd4 Nf6 5.Nc3 Nc6 6.Bg5 e6 7.Qd2 Be7 8.O-O-O O-O
9.f3 a6 10.h4 Qc7 11.h5 h6 12.Be3 Rd8 13.Qf2 b5 14.Nxc6 Qxc6 15.Kb1 b4 16.Ne2 e5
17.g4 d5 18.g5 hxg5 19.h6 g6 20.h7+ Kh8 21.Bxg5 Ng4 22.fxg4 Bxg5 23.exd5 Rxd5
24.Bg2 Be6 25.Bxd5 Bxd5 26.Rhf1 Rc8 27.Nc1 Bg2 28.Nd3 f6 29.Nxb4 Qb7 30.Rg1 Bf3
31.Rd3 e4 32.Rb3 a5 33.Nd3 Qd5 34.a4 e3 35.Qg3 e2 36.Re1 Kxh7 37.Rxe2 Bxe2
38.Qh2+ Kg8 39.Qxe2 Qh1+ 40.Ka2 Qd5 41.Kb1 Qh1+ 42.Ne1 Kf7 43.Ka2 Qc6 44.Qb5 Qxb5
45.axb5 a4 46.Rc3 Rxc3 47.bxc3 Bd2 48.Nd3 Ke6 49.c4 f5 50.gxf5+ gxf5 51.Ka3 f4
52.b6 Be3 53.c5 Kd7 54.Kxa4 f3 55.Ne5+  1-0

[Event "XXV Balaton IM"]
[Site "Balatonlelle HUN"]
[Date "2007.06.19"]
[Round "4"]
[White "To,N"]
[Black "Wittmann,W"]
[Result "0-1"]
[WhiteElo "2260"]
[BlackElo "2316"]

1.e4 c5 2.Nf3 d6 3.d4 cxd4 4.Nxd4 Nf6 5.Nc3 Nc6 6.Bg5 e6 7.Qd2 Be7 8.O-O-O O-O
9.f4 Nxd4 10.Qxd4 Qa5 11.Bc4 Bd7 12.e5 dxe5 13.fxe5 Bc6 14.Bd2 Nd7 15.Nd5 Qd8
16.Nxe7+ Qxe7 17.Rhe1 Nb6 18.Bf1 Rfd8 19.Qg4 Rac8 20.Bb4 Rxd1+ 21.Rxd1 Qe8
22.Qh4 Nd5 23.Bd3 h6 24.Bd2 Ne7 25.Qg3 Kh8 26.Rf1 Bb5 27.Bxb5 Qxb5 28.Rxf7 Nf5
29.Qf2 Kg8 30.Rxf5 exf5 31.Qxf5 Re8 32.Bc3 Qc4 33.Qd3 Qf4+ 34.Kb1 Qxh2 35.Qd5+ Kh8
36.b3 Qg1+ 37.Kb2 Qb6 38.Qf7 Re6 39.a4 a6 40.Qf8+ Kh7 41.Qf5+ Rg6 42.g4 Qe6
43.Qe4 b6 44.g5 hxg5 45.Qh1+ Rh6 46.Qe4+ Qg6 47.Qc4 Rh2 48.Bd4 b5 49.axb5 axb5
50.Qc7 Re2 51.Qc3 g4  0-1

[Event "Open"]
[Site "Teplice CZE"]
[Date "2007.06.19"]
[Round "5"]
[White "Bujak,M"]
[Black "Manik,M"]
[Result "1/2-1/2"]
[WhiteElo "2218"]
[BlackElo "2438"]

1.e4 c5 2.Nf3 Nc6 3.d4 cxd4 4.Nxd4 Nf6 5.Nc3 d6 6.Bg5 e6 7.Qd2 a6 8.O-O-O Nxd4
9.Qxd4 Be7 10.f4 b5 11.Bxf6 gxf6 12.Bd3 Bb7 13.Kb1 Qc7 14.Qf2 O-O-O 15.f5 Kb8
16.Rhe1 Rhg8 17.Qh4 b4 18.Ne2 e5 19.Ng3 d5 20.exd5 Bxd5 21.Be4 Bxe4 22.Qxe4 Rxd1+
23.Rxd1 Rd8 24.Rxd8+ Qxd8 25.Qe2 Qd4 26.c3 bxc3 27.bxc3 Qg1+ 28.Nf1 Ba3 29.Qxa6 Qxg2
30.Qxa3 Qxf1+ 31.Kb2 Qxf5  1/2-1/2

[Event "11th Master Open"]
[Site "Voronezh RUS"]
[Date "2007.06.19"]
[Round "7"]
[White "Kruchev,B"]
[Black "Bratus,P"]
[Result "0-1"]
[WhiteElo "2283"]
[BlackElo "2225"]

1.e4 c5 2.Nf3 Nc6 3.d4 cxd4 4.Nxd4 Nf6 5.Nc3 d6 6.Bg5 e6 7.f4 Bd7 8.Qd2 a6
9.O-O-O h6 10.Bh4 Nxe4 11.Nxe4 Qxh4 12.Nxc6 Bxc6 13.Nxd6+ Bxd6 14.Qxd6 Rd8
15.Qxd8+ Qxd8 16.Rxd8+ Kxd8 17.h4 Ke7 18.Rh3 Rd8 19.Re3 Rd4 20.g3 f5 21.Bd3 Kf6
22.c3 Rd6 23.c4 g5 24.hxg5+ hxg5 25.fxg5+ Kxg5 26.Kc2 Kf6 27.Kc3 e5 28.b4 e4
29.Be2 Ke5 30.a3 Ba4 31.c5 Rd4 32.Bc4 Rd1 33.Bf7 Rc1+ 34.Kd2 Rc2+ 35.Ke1 Kd4
36.Re2 Rc3 37.Be6 Rxa3 38.Bxf5 e3 39.Rb2 Bb5 40.g4 Kc3 41.Rb1 Ra2 42.Be4 Re2+
43.Kd1 Rf2 44.Rc1+ Kd4 45.Bxb7 Rf1+ 46.Kc2 e2  0-1

[Event "11th Master Open"]
[Site "Voronezh RUS"]
[Date "2007.06.20"]
[Round "8"]
[White "Khismatullin,D"]
[Black "Petukhov,D"]
[Result "1/2-1/2"]
[WhiteElo "2570"]
[BlackElo "2375"]

1.e4 c5 2.Nf3 d6 3.d4 cxd4 4.Nxd4 Nf6 5.Nc3 Nc6 6.Bg5 Bd7 7.Qd2 Rc8 8.Nxc6 Bxc6
9.f3 a6 10.O-O-O e6 11.Ne2 h6 12.Be3 Be7 13.Nd4 b5 14.Kb1 Nd7 15.Qf2 Bb7
16.h4 Qc7 17.g4 Nc5 18.Bg2 d5 19.exd5 Bxd5 20.g5 Na4 21.Bc1 Bc5 22.gxh6 gxh6
23.f4 Bxg2 24.Qxg2 Bxd4 25.Rxd4 Qc6 26.Qxc6+ Rxc6 27.Rhd1 Ke7 28.f5 exf5
29.Rd7+ Ke6 30.Bf4 Nc5 31.R7d6+ Rxd6 32.Rxd6+ Ke7 33.Rxh6 Rxh6 34.Bxh6 Kf6
35.Be3 Ne4 36.h5 Ng3 37.h6 Kg6 38.b3 Ne2 39.c4 bxc4 40.bxc4 f4 41.Bf2 Nc3+
42.Kc2 Ne4 43.Bd4 f3 44.Kd3 f2 45.Ke2 Nd2 46.Bxf2 Nxc4  1/2-1/2

[Event "11th Master Open"]
[Site "Voronezh RUS"]
[Date "2007.06.21"]
[Round "9"]
[White "Petrushin,A"]
[Black "Golovin,Leo"]
[Result "1-0"]
[WhiteElo "2492"]
[BlackElo "2431"]

1.e4 c5 2.Nf3 d6 3.d4 cxd4 4.Nxd4 Nf6 5.Nc3 Nc6 6.Bg5 e6 7.Qd2 Be7 8.O-O-O O-O
9.Nb3 a6 10.Bxf6 gxf6 11.Qh6 Kh8 12.Qh5 Qe8 13.f4 Rg8 14.g4 b5 15.Bd3 Rg7
16.h4 b4 17.Ne2 e5 18.f5 a5 19.Nd2 a4 20.Nf3 b3 21.a3 d5 22.g5 dxe4 23.Bxe4 bxc2
24.Rd6 Ra6 25.gxf6 Bxf6 26.Rxf6 Nd4 27.Nexd4 Rxf6 28.Nxc2 Qf8 29.Rd1 Rd6
30.Nxe5 Rxd1+ 31.Qxd1 f6 32.Nc4 Qe7 33.Nd6 Bd7 34.Kb1 Qe5 35.Ne3 Qc5 36.Qd2 Qb6
37.Bc2 Re7 38.Ndc4 Qc5 39.Qb4 Qxb4 40.axb4 Rg7 41.Nd6 Rg1+ 42.Ka2 Rh1 43.b5 Rxh4
44.b6 Bc6 45.b7 Bxb7 46.Nxb7 a3 47.bxa3 Rh3 48.Nd5  1-0

[Event "ch-NED w"]
[Site "Hilversum NED"]
[Date "2007.06.26"]
[Round "7"]
[White "Muhren,B"]
[Black "Van Nies,P"]
[Result "1/2-1/2"]
[WhiteElo "2311"]
[BlackElo "2174"]

1.e4 c5 2.Nf3 Nc6 3.d4 cxd4 4.Nxd4 Nf6 5.Nc3 d6 6.Bg5 e6 7.Qd2 Be7 8.O-O-O O-O
9.f4 Nxd4 10.Qxd4 Qa5 11.e5 dxe5 12.Qxe5 Qxe5 13.fxe5 Nd5 14.Bxe7 Nxe7 15.Bb5 a6
16.Bd3 b5 17.Be4 Ra7 18.Rd6 Rc7 19.Re1 Rc5 20.g3 Ng6 21.Bxg6 hxg6 22.Re3 Bb7
23.Ne2 Rfc8 24.Nd4 Kf8 25.Rd7 R5c7 26.Rxc7 Rxc7 27.b4 Ke7 28.Kd2 Rc4 29.c3 Bd5
30.a3 Rc8 31.Nc2 Rh8 32.h4 Rh5 33.Ne1 Rh8 34.Nd3 Ra8 35.Ne1 Rh8 36.Nd3 Ra8
37.Kc2 a5 38.Kb2 axb4 39.cxb4 Rc8 40.Nc5 f6 41.Nd3 Rc4 42.Nf4 Be4 43.Ne2 Bc6
44.Nf4 Be4 45.Ne2 Bc6 46.Nf4  1/2-1/2

[Event "White Nights"]
[Site "St Petersburg RUS"]
[Date "2007.06.26"]
[Round "2"]
[White "Soloviov,Sergei"]
[Black "Bazeev,G"]
[Result "0-1"]
[WhiteElo "2422"]
[BlackElo "2179"]

1.e4 c5 2.Nf3 Nc6 3.d4 cxd4 4.Nxd4 Nf6 5.Nc3 d6 6.Bg5 e6 7.Qd2 a6 8.O-O-O Bd7
9.f3 Be7 10.Be3 O-O 11.g4 Nxd4 12.Bxd4 Bc6 13.g5 Nd7 14.h4 b5 15.Be3 Ne5
16.f4 Ng4 17.Bh3 Nxe3 18.Qxe3 Qa5 19.Kb1 b4 20.Ne2 Qc5 21.Qd3 Bb5 22.Qd2 d5
23.e5 Qf2 24.Nd4 Qxd2 25.Rxd2 Bc5 26.f5 Bxd4 27.Rxd4 exf5 28.Rxb4 g6 29.Rd1 Rfe8
30.Rxd5 Bc6 31.Rc5 Rad8 32.b3 Rd1+ 33.Kb2 Be4 34.Rc3 Rd5 35.Rb6 a5 36.e6 fxe6
37.Bf1 Rdd8 38.Rc5 Rc8 39.Rxc8 Rxc8 40.Bc4 Bd5 41.Bxd5 exd5 42.Rd6 Rc5 43.c3 Kf7
44.a4 Ke7 45.Ra6 Kd7 46.Kc2 d4 47.c4 f4 48.Rf6 Rc6  0-1

[Event "ch-NED w"]
[Site "Hilversum NED"]
[Date "2007.06.27"]
[Round "8"]
[White "Hamelink,D"]
[Black "Bensdorp,L"]
[Result "1-0"]
[WhiteElo "2220"]
[BlackElo "2120"]

1.e4 c5 2.Nf3 d6 3.d4 cxd4 4.Nxd4 Nf6 5.Nc3 Nc6 6.Bg5 Bd7 7.Qd2 Rc8 8.f3 Nxd4
9.Qxd4 Qa5 10.Be3 a6 11.O-O-O e5 12.Qb6 Qxb6 13.Bxb6 Be7 14.g4 Be6 15.g5 Nd7
16.Be3 O-O 17.h4 Rc6 18.Nd5 Bxd5 19.exd5 Rc7 20.Bh3 f5 21.gxf6 Bxf6 22.h5 Nc5
23.Rhg1 Kh8 24.Rg4 b5 25.Kb1 Na4 26.Re4 Nc5 27.Rb4 Na4 28.Rd3 h6 29.Ra3 Ra8
30.c4 a5 31.Rxb5 Rxc4 32.Rab3 Kg8 33.Rb8+ Rxb8 34.Rxb8+ Kf7 35.Be6+ Ke7 36.Rb7+ Kf8
37.b3 Rc3 38.Bd2 Rd3 39.Kc2 Nc5 40.Rb8+ Ke7 41.Bxa5  1-0

[Event "ch-NED w"]
[Site "Hilversum NED"]
[Date "2007.06.28"]
[Round "9"]
[White "Bensdorp,L"]
[Black "Van Nies,P"]
[Result "1-0"]
[WhiteElo "2120"]
[BlackElo "2174"]

1.e4 c5 2.Nf3 Nc6 3.d4 cxd4 4.Nxd4 Nf6 5.Nc3 d6 6.Bg5 e6 7.Qd2 Be7 8.O-O-O O-O
9.Nb3 Qb6 10.f3 Rd8 11.Nb5 Rd7 12.Qe1 a6 13.N5d4 Qc7 14.g4 b5 15.Nxc6 Qxc6
16.Nd4 Qc7 17.Bd2 Bb7 18.Bd3 Rc8 19.h4 Bf8 20.h5 e5 21.g5 Nxe4 22.Ba5 Qb8
23.fxe4 exd4 24.h6 g6 25.Qf2 Rc5 26.Qxd4 Qe8 27.Bc3 Qe5 28.Rhg1 Be7 29.Qxe5 dxe5
30.Bb4 Rc8 31.Bxe7 Rxe7 32.Rgf1 Re6 33.Rd2 Bc6 34.Rdf2 Be8 35.Kd2 Kf8 36.Ke3 Ke7
37.c3 Rcc6 38.Bc2 f6 39.Bb3 Red6 40.Bg8 fxg5 41.Bxh7 Rf6 42.Bg8 Rf4 43.Rh1 Rcf6
44.Rxf4 gxf4+ 45.Kf2 Rf8 46.h7  1-0